00428nam a2200157Ia 45000010006000000050017000060080041000230410008000640820015000721000024000872450101001112600009002123000033002216500008002546540008002621405020260306164846.0260306t2009||||xx |||||||||||||| ||spa|| aESP a006.3bL42 aLeija, LorenzoeAUT 0aMétodos de procesamiento avanzado e inteligencia artificial en sistemas sensores y biosensores c2009 axix, 537 páginas :c26 cm. aGEN aCCC